Best-Selling Physical Music Singles Quiz - Statistics

General Stats
  • This quiz has been taken 28 times
  • The average score is 6 of 14
Answer Stats
Artist Single % Correct
Bing Crosby White Christmas
95%
Whitney Houston I Will Always Love You
90%
Elton John Candle in the Wind 1997
76%
USA for Africa We Are the World
67%
Celine Dion My Heart Will Go On
57%
Bill Haley & His Comets Rock Around the Clock
57%
Mungo Jerry In the Summertime
48%
Scorpions Wind of Change
38%
John Travolta and Olivia Newton-John You're the One That I Want
38%
Bryan Adams (Everything I Do) I Do it for You
29%
Mariah Carey All I Want for Christmas is You
24%
Baccara Yes Sir, I Can Boogie
24%
The Ink Spots If I Didn't Care
0%
Elvis Presley It's Now or Never
0%
No matching quizzes found
Score Distribution
Percent of People with Each Score
Percentile by Number Answered
Your Score History
You have not taken this quiz